000
00253nam a2200097Ia 4500
001
904473
005
20250826184932.0
008
250824s9999 xx 000 0 und d
245
0
_a
SERMAYEN YOK DERDİMDEN BAŞKA
_c
SERDAR TUNCER
260
_b
KETEBE YAYINLARI
999
_c
904473
_d
904473